Welcome to CU Library Online Public Access Catalogue (OPAC)

Organic Chemistry/ (Record no. 1872)

MARC details
000 -LEADER
fixed length control field 00547nam a22001697a 4500
005 - DATE AND TIME OF LATEST TRANSACTION
control field 20241130151008.0
008 - FIXED-LENGTH DATA ELEMENTS--GENERAL INFORMATION
fixed length control field 241130b |||||||| |||| 00| 0 eng d
020 ## - INTERNATIONAL STANDARD BOOK NUMBER
International Standard Book Number 9789988104474
050 ## - LIBRARY OF CONGRESS CALL NUMBER
Classification number QD256 OPP
100 ## - MAIN ENTRY--PERSONAL NAME
Personal name Oppong, I. V.
245 ## - TITLE STATEMENT
Title Organic Chemistry/
Remainder of title a systematic functional group approach
Statement of responsibility, etc. I. V. Oppong, Ivan Addae-Mensah & S. A. Asunka
260 ## - PUBLICATION, DISTRIBUTION, ETC.
Place of publication, distribution, etc. Kanda, Accra
Name of publisher, distributor, etc. First Generation Publishers
Date of publication, distribution, etc. 2008
300 ## - PHYSICAL DESCRIPTION
Extent vii.580p.
Other physical details ill. some color
Dimensions 29cm
700 ## - ADDED ENTRY--PERSONAL NAME
Personal name Addae-Mensah Ivan
700 ## - ADDED ENTRY--PERSONAL NAME
Personal name Asunka S. A.
942 ## - ADDED ENTRY ELEMENTS (KOHA)
Source of classification or shelving scheme Library of Congress Classification
Koha item type Books
Suppress in OPAC No
999 ## -
-- 1872
-- 1872
Holdings
Withdrawn status Lost status Source of classification or shelving scheme Damaged status Not for loan Collection Home library Current library Shelving location Date acquired Total checkouts Full call number Barcode Date last seen Copy number Price effective from Koha item type
    Library of Congress Classification     Non-fiction Science Library (Miotso) Science Library (Miotso) General stacks 11/30/2024   QD256 OPP SLM00001087 11/30/2024 1 11/30/2024 Books
    Library of Congress Classification     Non-fiction Science Library (Miotso) Science Library (Miotso) General stacks 11/30/2024   QD256 OPP SLM00001088 11/30/2024 2 11/30/2024 Books
    Library of Congress Classification     Non-fiction Science Library (Miotso) Science Library (Miotso) General stacks 11/30/2024   QD256 OPP SLM00001089 11/30/2024 3 11/30/2024 Books
    Library of Congress Classification     Non-fiction Science Library (Miotso) Science Library (Miotso) General stacks 11/30/2024   QD256 OPP SLM00001090 11/30/2024 4 11/30/2024 Books
    Library of Congress Classification     Non-fiction Science Library (Miotso) Science Library (Miotso) General stacks 11/30/2024   QD256 OPP SLM00001091 11/30/2024 5 11/30/2024 Books
    Library of Congress Classification     Non-fiction Science Library (Miotso) Science Library (Miotso) General stacks 11/30/2024   QD256 OPP SLM00001092 11/30/2024 6 11/30/2024 Books
    Library of Congress Classification     Non-fiction Science Library (Miotso) Science Library (Miotso) General stacks 11/30/2024   QD256 OPP SLM00001093 11/30/2024 7 11/30/2024 Books
© 2023-2024 Copyright: Central University Libraries. All Rights Reserved | Created by: Mahone Tech Office